Statistics for AS Roma - First Players from Each Country

Click here to take the quiz!

General Stats

  • This quiz has been taken 21 times
  • The average score is 17 of 60

Answer Stats

CountryYearPlayer% Correct
Bosnia and Herzegovina2011Miralem Pjanić
79%
Japan1999Hidetoshi Nakata
71%
Belgium2013Radja Nainggolan
71%
Armenia2019Henrikh Mkhitaryan
64%
Czech Republic2017Patrick Schick
64%
United States of America2012Michael Bradley
57%
Montenegro2006Mirko Vučinić
57%
Guinea2019Amadou Diawara
50%
England2014Ashley Cole
50%
Chile2006David Pizarro
50%
Gambia2019Ebrima Darboe
50%
Uzbekistan2021Eldor Shomurodov
50%
Algeria2023Houssem Aouar
50%
France1996Vincent Candela
50%
Paraguay2012Iván Piris
43%
Egypt2004Mido
43%
Colombia2014Victor Ibarbo
43%
Poland1985Zbigniew Boniek
43%
Mexico2017Héctor Moreno
36%
Sweden1950Knut Nordahl
36%
Netherlands2011Maarten Stekelenburg
36%
Serbia1992Siniša Mihajlović
36%
Germany1991Thomas Häßler
36%
Uruguay1953Alcides Ghiggia
29%
Morocco2005Houssine Kharja
29%
Norway2003John Carew
29%
Wales1962John Charles
29%
Greece1995Lampros Choutos
29%
Croatia2013Tin Jedvaj
29%
Nigeria2015Umar Sadiq
29%
Romania1948Florian Radu
21%
Spain1966Joaquín Peiró
21%
Kosovo2017Lirim Kastrati
21%
Albania1939Naim Krieziu
21%
Slovenia2018Žan Celar
21%
Brazil1955Dino da Costa
14%
Guinea Bissau1999Ednilson
14%
Turkey1999Neşat Gülünoğlu
14%
Slovakia2015Norbert Gyömbér
14%
Ivory Coast2001Sailou Lassissi
14%
Ghana2005Samuel Kuffour
14%
D.R. Congo2005Shabani Nonda
14%
Mali2008Souleymane Diamoutene
14%
Israel2020Suf Podgoreanu
14%
Lithuania2012Tomas Švedkauskas
14%
Peru1965Victor Morales Benitez
14%
Portugal2004Abel Xavier
7%
Yugoslavia1949Aleksandar Aranđelović
7%
Argentina1927Arturo Chini Ludueña
7%
Russia1998Dmitrij Aleničev
7%
Costa Rica2006Gilberto Martínez
7%
Hungary1947Gyula Zsengellér
7%
Denmark1952Helge Bronée
7%
Equatorial Guinea2015José Machín
7%
West Germany1963Jürgen Schütz
7%
Senegal2016Moustapha Seck
7%
Georgia1996Omari Tetrazde
7%
Cameroon1998Pierre Nlend Wome
7%
Belarus1999Sjarhej Hurėnka
7%
Austria1962Wilhelm Huberts
7%

Score Distribution

Percentile by Number Answered

Percent of People with Each Score

Your Score History

You have not taken this quiz